Donda Tracklist (Kanye West) - Statistics

General Stats
  • This quiz has been taken 398 times
  • The average score is 18 of 27
Answer Stats
Hint Answer % Correct
15 Donda
98%
1 Donda Chant
92%
2 Jail
89%
24 Jail pt 2
89%
4 Off The Grid
88%
5 Hurricane
83%
6 Praise God
78%
9 Junya
76%
26 Junya pt 2
76%
13 Moon
75%
8 Ok Ok
74%
25 Ok Ok pt 2
74%
17 Jesus Lord
71%
27 Jesus Lord pt 2
71%
12 Remote Control
66%
22 Come To Life
63%
23 No Child Left Behind
62%
11 24
60%
3 God Breathed
60%
7 Jonah
56%
10 Believe What I Say
55%
14 Heaven and Hell
55%
16 Keep My Spirit Alive
50%
21 Pure Souls
46%
19 Tell The Vision
46%
20 Lord I Need You
39%
18 New Again
37%
No matching quizzes found
Score Distribution
Percent of People with Each Score
Percentile by Number Answered
Your Score History
You have not taken this quiz